000 00428cam a2200145u 4500
082 _a355.5
_bVIB
_cD
100 1 _aVibart, Henry Meredith,
_949797
245 0 0 _aAddiscombe, its heroes and men of note;
260 _aWestminster,
_bA. Constable and co.,
_c1894.
300 _ap. cm.
526 _a0
_b0
_c0
_d355_500000000000000_VIB
650 _aMCE
_9379
700 1 _aRoberts, Frederick Sleigh Roberts,
_949518
942 _2ddc
_cBK
999 _c552561
_d552561